The universe of galaxies : (Запис № 561198)

МАРК-запис
000 -LEADER
fixed length control field 01224cam a2200289Mi 4500
001 - CONTROL NUMBER
control field universeofgalaxi00hodg
003 - CONTROL NUMBER IDENTIFIER
control field CaSfIA
005 - DATE AND TIME OF LATEST TRANSACTION
control field 20210119105133.0
007 - PHYSICAL DESCRIPTION FIXED FIELD--GENERAL INFORMATION
fixed length control field cr||||
008 - FIXED-LENGTH DATA ELEMENTS--GENERAL INFORMATION
fixed length control field 981202s1984 xx 000 0 und d
040 ## - CATALOGING SOURCE
Original cataloging agency GEBAY
Language of cataloging ger
Transcribing agency GEBAY
Modifying agency CaSfIA
020 ## - INTERNATIONAL STANDARD BOOK NUMBER
International Standard Book Number 0716716755
020 ## - INTERNATIONAL STANDARD BOOK NUMBER
International Standard Book Number 9780716716754
020 ## - INTERNATIONAL STANDARD BOOK NUMBER
International Standard Book Number 0716716763
020 ## - INTERNATIONAL STANDARD BOOK NUMBER
International Standard Book Number 9780716716761
035 ## - SYSTEM CONTROL NUMBER
System control number (OCoLC)220172827
245 04 - TITLE STATEMENT
Title The universe of galaxies :
Medium [electronic resource]
Remainder of title readings from Scientific American
Statement of responsibility, etc compiled by Paul W. Hodge
260 ## - PUBLICATION, DISTRIBUTION, ETC. (IMPRINT)
Place of publication, distribution, etc New York
Name of publisher, distributor, etc Freeman
Date of publication, distribution, etc 1984
300 ## - PHYSICAL DESCRIPTION
Extent 113 S. :
Other physical details Ill.
506 ## - RESTRICTIONS ON ACCESS NOTE
Standardized terminology for access restriction Необхідна авторизація на https://archive.org/ (створення облікового запису безкоштовно)
506 ## - RESTRICTIONS ON ACCESS NOTE
Standardized terminology for access restriction Необхідна авторизація на https://openlibrary.org/ (створення облікового запису безкоштовно)
653 0# - INDEX TERM--UNCONTROLLED
Uncontrolled term Galaxie
700 1# - ADDED ENTRY--PERSONAL NAME
Personal name Hodge, Paul W.
856 41 - ELECTRONIC LOCATION AND ACCESS
Uniform Resource Identifier <a href="http://www.archive.org/details/universeofgalaxi00hodg">http://www.archive.org/details/universeofgalaxi00hodg</a>
Public note Free eBook from the Internet Archive
856 42 - ELECTRONIC LOCATION AND ACCESS
Uniform Resource Identifier <a href="http://www.openlibrary.org/books/OL24222821M">http://www.openlibrary.org/books/OL24222821M</a>
Public note Additional information and access via Open Library
942 ## - ADDED ENTRY ELEMENTS (KOHA)
Koha item type ЕКнига

Немає доступних примірників.